| 000 | 00579nam a22002177a 4500 | ||
|---|---|---|---|
| 003 | UA-OsUOA | ||
| 001 | 37579 | ||
| 007 | ta | ||
| 008 | 20060331b un ||||| |||| 00| 0 ukr d | ||
| 100 | _aСизоненко О | ||
| 090 |
_a82 _bС11 |
||
| 942 | _cSA | ||
| 040 |
_aUA-OsUOA _bukr _cUA-OsUOA _dUA-OsUOA |
||
| 245 | _aЛітература - прихисток людського духу і краси | ||
| 300 | _aС.1, 7 | ||
| 955 | _a0 | ||
| 041 | _aukr | ||
| 080 | _a82 | ||
| 773 | 0 | _w37578 | |
| 650 | 7 |
_a82 Література. Літературознавство _2UDC |
|
| 999 |
_c323755 _d323755 |
||